000 00801ckm a22002055a 4500
001 L143198
008 080415s1908 xxk eng u
035 _a(Sirsi) u143198
041 _aeng
110 2 _aYorkshire and North of England Land Agents' and Surveyors' Association
_95535
245 0 4 _aThe Yorkshire and North of England Land Agents' and Surveyors' Association
_bportraits of members 1908
_b[graphic]
260 _c1908
300 _a1v.
_bb&w
_c44 cm. +
_e3 sheets (33 x 21 cm., or smaller)
340 _aPhotograph
351 _cSingle item
500 _aAlbum is accompanied by correspondence relating to the donation of the item to the Chartered Surveyors' Institution in July 1939.
651 4 _aGreat Britain
_y1707-
690 _aABOUT RICS-RELATED ORGANISATIONS
942 _n0
999 _c116801
_d116801